<?xml version="1.0" encoding="UTF-8"?><?xml-stylesheet type="text/xsl" href="static/style.xsl"?><OAI-PMH xmlns="http://www.openarchives.org/OAI/2.0/" xmlns:xsi="http://www.w3.org/2001/XMLSchema-instance" xsi:schemaLocation="http://www.openarchives.org/OAI/2.0/ http://www.openarchives.org/OAI/2.0/OAI-PMH.xsd"><responseDate>2026-04-28T19:24:25Z</responseDate><request verb="GetRecord" identifier="oai:uvadoc.uva.es:10324/73690" metadataPrefix="marc">https://uvadoc.uva.es/oai/request</request><GetRecord><record><header><identifier>oai:uvadoc.uva.es:10324/73690</identifier><datestamp>2025-01-22T09:00:52Z</datestamp><setSpec>com_10324_1181</setSpec><setSpec>com_10324_931</setSpec><setSpec>com_10324_894</setSpec><setSpec>col_10324_1389</setSpec></header><metadata><record xmlns="http://www.loc.gov/MARC21/slim" xmlns:doc="http://www.lyncode.com/xoai" xmlns:xsi="http://www.w3.org/2001/XMLSchema-instance" xmlns:dcterms="http://purl.org/dc/terms/" xsi:schemaLocation="http://www.loc.gov/MARC21/slim http://www.loc.gov/standards/marcxml/schema/MARC21slim.xsd">
<leader>00925njm 22002777a 4500</leader>
<datafield tag="042" ind1=" " ind2=" ">
<subfield code="a">dc</subfield>
</datafield>
<datafield tag="720" ind1=" " ind2=" ">
<subfield code="a">Jimeno Bulnes, Natalia</subfield>
<subfield code="e">author</subfield>
</datafield>
<datafield tag="720" ind1=" " ind2=" ">
<subfield code="a">Díez Revuelta, Álvaro</subfield>
<subfield code="e">author</subfield>
</datafield>
<datafield tag="720" ind1=" " ind2=" ">
<subfield code="a">Velasco González, Verónica</subfield>
<subfield code="e">author</subfield>
</datafield>
<datafield tag="720" ind1=" " ind2=" ">
<subfield code="a">Martínez García, Diana</subfield>
<subfield code="e">author</subfield>
</datafield>
<datafield tag="720" ind1=" " ind2=" ">
<subfield code="a">Ayuso Lanchares, Alba</subfield>
<subfield code="e">author</subfield>
</datafield>
<datafield tag="260" ind1=" " ind2=" ">
<subfield code="c">2024</subfield>
</datafield>
<datafield tag="520" ind1=" " ind2=" ">
<subfield code="a">El uso de entrevistas a profesionales sanitarios experimentados realizadas por grupos de estudiantes de Medicina y otras Ciencias de la Salud es una metodología útil para promover la humanización de la atención sanitaria</subfield>
</datafield>
<datafield tag="024" ind2=" " ind1="8">
<subfield code="a">Mesa redonda con cinco intervenciones y ponentes: Introducción (N. Jimeno Bulnes), Medicina (A. Díez Revuelta), Enfermería (V. Velasco González), Nutrición Humana y Dietética (D. Martínez García), y Logopedia (A. Ayuso Lanchares). Real Academia de Medicina y Cirugía de Valladolid. Valladolid, 14/03/2024.</subfield>
</datafield>
<datafield tag="024" ind2=" " ind1="8">
<subfield code="a">https://uvadoc.uva.es/handle/10324/73690</subfield>
</datafield>
<datafield tag="245" ind1="0" ind2="0">
<subfield code="a">Humanizando la atención sanitaria en estudiantes de medicina, enfermería, logopedia, nutrición y dietética.</subfield>
</datafield>
</record></metadata></record></GetRecord></OAI-PMH>